000 00572nam a2200181Ia 4500
008 151018s9999 xx 000 0 und d
082 _bRBASDV17202
_a891.463
100 _aशिरीष कणेकर
245 _aफिल्लमबाजी
250 _b1
260 _bविजय प्रकाशन नागपूर
_c1980
300 _a167
600 _aशिरीष कणेकर
630 _aफिल्लमबाजी
700 _aशिरीष कणेकर
730 _aफिल्लमबाजी
942 _cBOOK
999 _c1017885
_d1017882